| 000 | 00957nam a2200253Ia 4500 | ||
|---|---|---|---|
| 003 | OSt | ||
| 005 | 20221005105123.0 | ||
| 006 | a|||||r|||| 00| 0 | ||
| 007 | ta | ||
| 008 | 221004b |||||||| |||| 00| 0 hin d | ||
| 024 | _a107540 | ||
| 037 | _cTextual | ||
| 040 |
_aCRL _cCRL _bhin |
||
| 041 |
_2hin _ahin |
||
| 082 | _aO152,1:g(P:75), K5 | ||
| 100 | _aशर्मा, ओमप्रकाश | ||
| 245 | 0 | _aरीतिकालीन अलंकार - साहित्य का शास्त्रीय विवेचन | |
| 246 | _aRītikālīn alankār - sāhitya kā shāstrīya vivechana | ||
| 260 |
_aदिल्ली _bहिन्दी साहित्य संसार भारत _c1965 |
||
| 300 |
_a552पृ0 _ccm. |
||
| 650 | _aहिन्दी साहित्य | ||
| 942 |
_hO152,1:g(P:75), K5 _cTEXL _2cc |
||
| 999 |
_c1014820 _d1014820 |
||